000 00903nam a2200241 4500
001 112273
003 ES-MaACL
005 20250828080954.0
007 t|
008 061121s1981 sp r ||||1| spa d
020 _a84-7481-126-0
100 1 _aOrtega Esteban, José.
_987452
245 1 0 _aPlatón
_b: eros, política y educación /
_cJosé Ortega Esteban ; prólogo de Alfonso Ortega Carmona.
260 _aSalamanca :
_bUniversidad, Instituto de Ciencias de la Educación,
_c1981.
300 _a227 p. ;
_c22 cm.
490 1 _aCiencias de la educación (Universidad de Salamanca)
_v8
_9241994
700 1 _aOrtega Carmona, Alfonso.
_987446
710 2 _aUniversidad de Salamanca.
_bInstituto de Ciencias de la Educación
_94834
830 0 _aCiencias de la educación (Universidad de Salamanca)
_v8
_9241994
852 _aES-MaACL
_jG-81
942 _2udc
999 _c112273
_d112273